| 000 | 01244cam a2200325 a 4500 | ||
|---|---|---|---|
| 001 | 2542386 | ||
| 003 | OSt | ||
| 005 | 20240612111005.0 | ||
| 008 | 940621m19951998enka 001 0 eng | ||
| 010 | _a 94028451 | ||
| 020 | _a0521434653 (hardback : v. 1) | ||
| 020 | _a0521436001 (pbk. : v. 1) | ||
| 020 | _a0521434661 (hardback : v. 2) | ||
| 020 | _a052143601X (pbk. : v. 2) | ||
| 040 |
_aMUST LIB _cMUST |
||
| 050 | 0 | 0 |
_aQA39.2 _b.L97 1995 |
| 082 | 0 | 0 |
_a510 _bLYO |
| 100 | 1 |
_aLyons, Louis. _910087 |
|
| 245 | 1 | 0 |
_aAll you wanted to know about mathematics but were afraid to ask : _bmathematics for science students / _cLouis Lyons. |
| 260 |
_aCambridge ; _aNew York : _bCambridge University Press, _c1995-1998. |
||
| 300 |
_a2 v. : _bill. ; _c24 cm. |
||
| 500 | _aIncludes indexes. | ||
| 650 | 0 | _aMathematics. | |
| 856 | 4 | 2 |
_3Publisher description _uhttp://www.loc.gov/catdir/description/cam026/94028451.html |
| 856 | 4 | 1 |
_3Table of contents _uhttp://www.loc.gov/catdir/toc/cam021/94028451.html |
| 906 |
_a7 _bcbc _corignew _d1 _eocip _f19 _gy-gencatlg |
||
| 942 |
_2z _cBOOK |
||
| 999 |
_c8407 _d8407 |
||